| 000 | 00335nam a2200121Ia 4500 | ||
|---|---|---|---|
| 008 | 230303s9999 xx 000 0 und d | ||
| 041 | _aeng | ||
| 082 | _a621.31 RAM | ||
| 100 | _aRAM (BADRI) VISHWAKARMA (D.N) | ||
| 245 | _aPOWER SYSTEM PROTECTION AND SWITCH GEAR | ||
| 260 |
_aLONDON _bMC GRAW HILL EDUCATION ( INDIA ) |
||
| 365 | _cRS | ||
| 999 |
_c186700 _d186700 |
||